Absolventi na trhu práce diplomová práca

Saved in:
Bibliographic Details
Main Author: Jarkovská, Martina
Corporate Author: Obchodná fakulta EU. Katedra medzinárodného obchodu
Other Authors: Krajčík, Daniel, 1981-
Format: Book
Language:Slovak
Published: Bratislava 2013
Tags: Add Tag
No Tags, Be the first to tag this record!

MARC

LEADER 00000nbm a2200000 4500
001 0169463
005 20161109102305.8
041 0 |a slo 
044 |a SK 
245 1 0 |a Absolventi na trhu práce  |b diplomová práca  |c Martina Jarkovská ; školiteľ: Daniel Krajčík 
264 1 |a Bratislava  |c 2013 
300 |a 64 s. 
100 1 |a Jarkovská, Martina 
700 1 |a Krajčík, Daniel, 1981- 
710 2 |a Obchodná fakulta EU. Katedra medzinárodného obchodu